000 00392nam a2200145Ia 4500
008 231217s9999 xx 000 0 und d
041 _aEnglish
082 _a630 GHO;1 R
100 _aGhosh, Subir. Nigam, Divya.
245 0 _aAlternative forms of farming in India
260 _c2008
_bIcfai
_aHyderabad
300 _aix, 259
650 _aAlternative,forms,farming,India
942 _cAA
999 _c187002
_d187002